Music Quiz

Random Music or Lyrics Quiz
Score 0/232 Timer 07:00
7 Plays Today
% Correct
Help!
99.7%
Help!
99.7%
Help!
99.7%
Help!
99.7%
help
99.7%
Help
99.7%
Help
99.7%
help
99.7%
Help
99.7%
Help
99.7%
help
99.7%
help
99.7%
Help
99.7%
Help
99.7%
help
99.7%
help
99.7%
help
99.7%
I
99.5%
I
99.5%
I
99.5%
I
99.5%
I
99.5%
I
99.5%
I
99.5%
I
99.5%
I
99.5%
I
99.5%
I
99.5%
I
99.5%
I
99.5%
I
99.5%
need
98.6%
need
98.6%
need
98.6%
so
97.8%
so
97.8%
so
97.8%
so
97.8%
so
97.8%
so
97.8%
you
96.3%
you
96.3%
you
96.3%
you
96.3%
you
96.3%
you
96.3%
you
96.3%
you
96.3%
you
96.3%
you
96.3%
you
96.3%
any
95.9%
any
95.9%
somebody
95.7%
me
95.4%
me
95.4%
me.
95.4%
me
95.4%
me
95.4%
me.
95.4%
me
95.4%
me
95.4%
me,
95.4%
me,
95.4%
me
95.4%
anybody
94.5%
not
94.3%
not
94.3%
not
94.3%
just
93.8%
just
93.8%
to
90.1%
the
90%
the
90%
the
90%
the
90%
the
90%
the
90%
% Correct
in
89.9%
in
89.9%
in
89.9%
in
89.9%
When
86.7%
When
86.7%
And
86.3%
And
86.3%
and
86.3%
And
86.3%
And
86.3%
and
86.2%
and
86.2%
way.
86%
way.
86%
do
85.8%
do
85.8%
do
85.8%
was
85.5%
was
85.5%
than
83.9%
than
83.9%
I'm
83.7%
I'm
83.7%
I'm
83.7%
I'm
83.7%
I'm
83.7%
much
83.4%
much
83.4%
please,
83.3%
please
83.3%
please,
83.3%
please
83.3%
please,
83.3%
please
83.3%
can,
83%
can
83%
can
83%
younger,
82.6%
younger
82.6%
younger,
82.5%
younger
82.5%
my
82.2%
my
82.2%
my
82.2%
My
82.2%
my
82.2%
my
82.2%
my
82.2%
now
82.2%
Now
82.2%
now
82.2%
now
82.2%
now
82.2%
Now
82.2%
today,
82.1%
today,
82.1%
know
81.2%
know
81.2%
on
81.1%
on
81.1%
on
81.1%
if
80.6%
if
80.6%
if
80.6%
needed
80.5%
needed
80.5%
never
80.4%
never
80.4%
never
80.4%
down,
78%
down,
78%
down,
78%
feel
77.3%
someone
77%
But
76.7%
But
76.7%
But
76.7%
% Correct
feeling
76.5%
feeling
76.5%
feeling
76.5%
Won't
76.1%
Won't
76.1%
Won't
76.1%
'round.
76.1%
'round.
76.1%
'round.
76.1%
get
75.9%
get
75.9%
get
75.9%
ground,
75.3%
ground,
75.3%
ground,
75.3%
feet
75%
feet
75%
feet
75%
appreciate
74.8%
appreciate
74.8%
appreciate
74.8%
back
74%
back
74%
back
74%
being
73.9%
being
73.9%
being
73.9%
anybody's
72.5%
anybody's
72.5%
self
70.6%
self
70.6%
assured,
69%
assured,
69%
are
68%
are
68%
oooh
67.5%
up
65.8%
up
65.8%
I've
64.9%
I've
64.8%
days
64.3%
days
64.3%
oh
64%
many
63%
gone
62.8%
gone
62.8%
ways,
62.4%
mind
61.4%
mind
61.2%
changed
60.2%
changed
60.2%
changed
60.2%
life
60.1%
I've
59.1%
I've
59.1%
I've
59.1%
these
59%
these
59%
has
58.7%
then
56.4%
opened
55.1%
opened
55.1%
find
54.5%
find
54.5%
vanish
53.3%
before.
53.2%
haze.
52.7%
that
52.5%
seems
50.4%
insecure,
49.6%
like
47.3%
independence
46.7%
ev'ry
45.3%
doors.
44.5%
doors.
44.5%
done
43.7%
Remove Ads.
Support Sporcle.
Get the best of Sporcle when you Go Orange. This ad-free experience offers more features, more stats, and more fun while also helping to support Sporcle. Thank you for becoming a member.

You're not logged in!

Compare scores with friends on all Sporcle quizzes.
OR
Log In

Show Comments

Extras

Top Quizzes Today


Score Distribution

Your Account Isn't Verified!

In order to create a playlist on Sporcle, you need to verify the email address you used during registration. Go to your Sporcle Settings to finish the process.

Report this User

Report this user for behavior that violates our Community Guidelines.

Details: